| 000 | 00765nam a2200253 a 4500 | ||
|---|---|---|---|
| 001 | 55884 | ||
| 003 | BD-RjUL | ||
| 005 | 20211209080328.0 | ||
| 008 | 161122s1962 nyup|||| |||| 001 0 eng d | ||
| 035 | _a(BD-RjUL)56008 | ||
| 040 |
_dBD-RjUL _aBD-RjUL _beng _cBD-RjUL |
||
| 041 | _aeng | ||
| 082 | 0 | 4 |
_a532 _223 _bGIL 1962 |
| 100 | 1 |
_aGiles, Ranald V., _9166381 |
|
| 245 | 1 | 0 |
_aFluid mechanics and hydraulics / _cRanald V. Giles. |
| 260 |
_aNew York : _bSchaum Publishing, _c1962 |
||
| 300 |
_a274 p. : _bill. ; _c28 cm. |
||
| 490 | 1 | _aSchaum's outline series. | |
| 500 | _aIncludes index. | ||
| 650 | 0 |
_aFluid mechanics. _9152085 |
|
| 650 | 0 |
_aFluid mechanics _vProblems, exercises, etc. _9166382 |
|
| 830 | 0 |
_aSchaum's outline series. _9166386 |
|
| 942 |
_2ddc _cBK |
||
| 999 |
_c55884 _d55884 |
||